| 000 | 00632nam a22001817a 4500 | ||
|---|---|---|---|
| 020 | _qHard Cover. | ||
| 082 | _a330 | ||
| 100 | _aMahnoor Nadeem : Shanzeb Asim and Maheen Nasir Khan. | ||
| 245 |
_aImpact of Social Media on Consumer Purchase Decisions / _cNadeem, Mahnoor : Asim, Shanzeb and Khan, Maheen Nasir |
||
| 260 |
_aIslamabad: _bS3H NUST, _c2021. |
||
| 300 |
_a59 p. : _bill. ; _c30cm. |
||
| 563 | _aHB | ||
| 650 | _aBS-Economics | ||
| 700 |
_aDr. Tanweer ul Islam _917374 |
||
| 856 | _uhttp://10.250.8.41:8080/xmlui/handle/123456789/24389 | ||
| 942 |
_2ddc _cPR |
||
| 999 |
_c566098 _d566098 |
||